000 00225nam a22000857a 4500
008 160915b xxu||||| |||| 00| 0 eng d
100 _9530
_aRaajput.R.
245 _aMathematics Lab-6
260 _aNew Delhi
_bAmanda Publications
_c2011
999 _c3187
_d3187